| 000 | 00358 a2200157 4500 | ||
|---|---|---|---|
| 001 | 188307 | ||
| 020 | _a | ||
| 040 | _cMagnum | ||
| 100 | _aRibeiro, Raphael Rajão | ||
| 240 | 1 | 0 |
_aBelo Horizonte: regional leste _lpor |
| 245 | 1 | 0 | _aBelo Horizonte: regional leste |
| 300 | _a58 | ||
| 362 | 0 | _a2008 | |
| 697 | _aLITERATURA INFANTO-JUVENIL | ||
| 942 | _cBK | ||
| 999 |
_c188307 _d188307 |
||